Quizzes
Events
Quiz Creation
Community
Videos
Private Events
Remove Ads
Sign In
Join for FREE
Feedback
Dark Mode
Quiz Categories
Sports
Geography
Music
Movies
Television
Just For Fun
Miscellaneous
History
Literature
Language
Science
Gaming
Entertainment
Religion
Holiday
For Kids
Quiz Lab
Recent
Popular Today
Quiz Kudos Today
Editor Picks
Curator Picks
Quizzes by...
Day
Popularity
Type
Ratings
Length
Year
Community
Subscriptions
Recent Discussions
Orange Saloon
Badges
Playlists
Quests
Create
Leaderboards
Showdown
Live 5
Trivia Bingo
Activity
Puzzle Library
Sporcle Events
Private Events
Virtual Trivia
Globe League
Become a Host
Pub Owners
SporcleCon
Opinionation
Our Games
Videos
Blog
Mobile Apps
Partnerships
Remove Ads and Go Orange
Feedback
Sports
Athletes
MLB
NBA
NHL
NFL
Soccer
Sports Teams
WWE
NCAA
Football
Premier League
Basketball
Baseball
Hockey
Golf
Tennis
Cricket
Rugby
Auto Racing
Olympics
World Cup
Sports
Athletes
MLB
NBA
NHL
NFL
Soccer
Sports Teams
WWE
NCAA
Football
Premier League
Basketball
Baseball
Hockey
Golf
Tennis
Cricket
Rugby
Auto Racing
Olympics
World Cup
Random Quiz
Search Sporcle
×
Quiz Lab
Quiz Lab
Sports
Football
Type in answers that appear in a list
Type in answers that appear in a list
Classic
Best Score? Go Orange.
2002 NHL Draft, First Round Stats
Can you name the 2002 NHL Draft, First Round?
By
ypg24
10m
30 Questions
169 Plays
169 Plays
169 Plays
Comments
Comments
Give Quiz Kudos
Give Quiz Kudos
-
- Ratings
hide this ad
Replay
Link that replays current quiz
Next Quiz
Link to next quiz in quiz playlist
You Got
0%
They Got
Avg Score
36%
Avg Friend Score
Upgrade to see
Score Distribution
Jump to the score distribution portion of the page
Score
0/30
Timer
10:00
0
Plays Today
Team
Player drafted
% Correct
Columbus Blue Jackets
Rick Nash
99.4%
Atlanta Thrashers
Kari Lehtonen
92.3%
Florida Panthers
Jay Bouwmeester
81.7%
Pittsburgh Penguins
Ryan Whitney
71%
Philadelphia Flyers
Joni Pitkanen
61.5%
Carolina Hurricanes
Cam Ward
54.4%
Washington Capitals
Alexander Semin
52.7%
Anaheim Mighty Ducks
Joffrey Lupul
49.7%
Minnesota Wild
Pierre-Marc Bouchard
49.7%
Nashville Predators
Scottie Upshall
46.7%
Montreal Canadiens
Christopher Higgins
39.1%
Washington Capitals
Steve Eminger
36.1%
Calgary Flames
Eric Nystrom
33.1%
Boston Bruins
Hannu Toivonen
32.5%
Buffalo Sabres
Keith Ballard
30.8%
Team
Player drafted
% Correct
New York Islanders
Sean Bergenheim
30.8%
Toronto Maple Leafs
Alexander Steen
27.8%
Florida Panthers
Petr Taticek
26.6%
Washington Capitals
Boyd Gordon
26.6%
Atlanta Thrashers
Jim Slater
26.6%
Phoenix Coyotes
Ben Eager
18.9%
Ottawa Senators
Jakub Klepis
17.2%
San Jose Sharks
Mike Morris
16.6%
Edmonton Oilers
Jessi Niinimaki
13.6%
Chicago Blackhawks
Anton Babchuk
13.6%
Buffalo Sabres
Daniel Paille
13%
Phoenix Coyotes
Jakub Koreis
12.4%
Los Angeles Kings
Denis Grebeshkov
11.8%
Dallas Stars
Martin Vagner
11.2%
Colorado Avalanche
Jonas Johansson
11.2%
Quiz Playlist
Details
Report
Send in Message
Add To Playlist
Classic:
Type in answers that appear in a list
Last Updated: Feb 16, 2017
Quiz Scoreboard
CHALLENGE
Sign Up to Join the Scoreboard
Show All
Scores
Hide
Comments
May contain spoilers
Recently Published
Billboard Blitz: Fleetwood Mac
by CooCooCachoo
Music
15s
Presidents Visiting Landmarks
by Hejman
History
7m
An Introduction to Baseball
by treessimontrees
Sports
5m
More to Explore
Quiz From the Vault
Featured Blog Post
Where Did the Easter Bunny Come From?
hide this ad
You Might Also Like...
Tags
Football Quiz
NHL Quiz
1st Round
2002
Draft
Player
round
team
Today's Top Quizzes in Sports
Browse Sports
hide this ad
Today's Top Quizzes in Football
Browse Football
Top Contributed Quizzes in Sports
1
Les meilleurs buteurs des matchs entre le PSG et l’OM
2
2022 World Cup Stars
3
FIFA Club World Cup Champions
4
Les entraîneurs de l'OM et du PSG au 21e siècle
5
Criteria MLB: Left Handed Sluggers
6
Name the Premier League winners with different clubs
7
5-to-1: UK Sports Teams
8
AFC Teams Reveal (Wrong Answers Minefield)
9
Players with Multiple 50 Home Run Seasons
10
5-to-1: FBS Animal Nicknames
Explore More
Trending Topics
NBA
Marvel
Crossword
Kpop
Harry Potter
Disney
Anime
Country
Soccer
WWE
Song
NFL
Puzzle
The Office
Pokémon
hide this ad
More By:
ypg24
Quiz
Plays
Rating
Category
Featured
Created
Montreal Canadien draftee still in NHL
563
5.00
Sports
Dec 14, 2010
2001 NHL Draft, 1st Round
169
3.00
Sports
Dec 23, 2010
2002 NHL Draft, First Round
169
Sports
Dec 23, 2010
Go to Creator's Profile
Score Distribution
Quiz Creator Spotlight
ypg24
Follow
Send a Message
Quizzes Created
-
Created Quiz Play Count
-
More By This Creator
Popular Quizzes Today
1
Find the US States - No Outlines Minefield
2
Find the Countries of Europe - No Outlines Minefield
3
The Countries of the World
4
Find the US States
5
US States
6
Popular People in 1961
7
Risky Map Clicking: Biggest States A-Z
8
Movies - When Are They Set?
More Sports Quizzes
NBA (1990-2010)
Quiz Lab
Trending Quizzes
Risky Map Clicking: Least Populous States A-Z
1-10 Letter G Words
1-10 Letter F Words
Risky Map Clicking: Next State Alphabetically
Risky Map Clicking: Biggest States A-Z
Recently Updated
Leaping Animals
pecheneg
Reality TV Shows (A-Z)
bhenderson79
Rickey Henderson's Hall of Fame Teammates
pecheneg
Champions League XIs: Arsenal
pecheneg
Quick Pick: Celebrities in WWE's Hall of Fame
aduchscher
A-Z Keypad Blitz II
pecheneg
Multiple Oscar Actors
pecheneg
Mystery Phrase Blitz: Oscar 'Best Actors'
pecheneg
F. Scott Fitzgerald Novels
LTH
Pick 3 Villains
ddd62291
Trending Topics
Marvel
Kpop
NBA
Harry Potter
Crossword
Disney
Anime
Soccer
WWE
Country
Puzzle
Song
Pokémon
The Office
NFL
Your Account Isn't Verified!
In order to create a playlist on Sporcle, you need to verify the email address you used during registration. Go to your
Sporcle Settings
to finish the process.
Report this User
Report this user for behavior that violates our
Community Guidelines
.
Details:
Send Report
Go to the Sporcle.com Mobile Site →
Comments